[Event "Chinese Chess League Men 2019"]
[Site "Daqing"]
[Date "2019.06.19"]
[Round "1.1"]
[White "Bu, Xiangzhi"]
[Black "Wang, Hao"]
[Result "1/2-1/2"]
[WhiteElo "2729"]
[BlackElo "2737"]
[Annotator "TA"]
[PlyCount "66"]
[EventDate "2019.06.19"]
[EventType "team-tourn"]
[EventCountry "CHN"]
[SourceTitle "playchess.com"]
[Source "ChessBase"]
[SourceQuality "1"]

{[%evp 29,66,16,18,1,0,0,0,14,29,0,18,9,17,3,7,5,10,0,0,-16,-16,-32,-9,-9,-9,-9,-9,-9,-9,-9,-9,-16,-9,-16,0,-16,0,-16,0]} 1. d4 Nf6 2. c4 e6 3. Nf3 d5 4. Nc3 Be7 5. Bg5 h6 6. Bxf6 Bxf6 7. e3 O-O 8. Rc1 c6 9. Bd3 Nd7 10. O-O dxc4 11. Bxc4 e5 12. h3 exd4 13. exd4 Nb6 14. Bb3 Bf5 15. Re1 Re8 16. g4 {D55: Queen's Gambit Declined: 4 Bg5 Be7: Lines without ...h6 and 6...h6 7 Bxf6} Bg6 17. Rxe8+ Qxe8 18. Qd2 {[#]} Qd7 $146 ({Predecessor:} 18... Rd8 19. Re1 Qd7 {½-½ (31) Erdos,V (2624)-Radjabov,T (2741) Heraklio 2017}) 19. Qf4 Rd8 20. Re1 Nd5 ({Reject} 20... Bxd4 21. Rd1 $14) 21. Nxd5 cxd5 22. Ne5 Qd6 23. Nxg6 fxg6 24. Qxd6 (24. Qe3 {looks sharper.} Bg5 25. Qe5 Bf6 26. Qe3) 24... Rxd6 $11 {[%mdl 4096] Endgame KRB-KRB} 25. Kg2 Bxd4 26. Rd1 {The position is equal.} Bxb2 27. Rxd5 Rxd5 28. Bxd5+ {KB-KB} Kf8 29. Bxb7 g5 30. Ba8 Ba1 31. Bb7 Bb2 32. Ba8 Ba1 33. Bb7 Bb2 {Accuracy: White = 52%, Black = 27%.} 1/2-1/2

[Event "Chinese Chess League Men 2019"]
[Site "Daqing"]
[Date "2019.06.19"]
[Round "1.2"]
[White "Bao, Qilin"]
[Black "Zhao, Jun"]
[Result "0-1"]
[WhiteElo "2412"]
[BlackElo "2625"]
[Annotator "TA"]
[PlyCount "96"]
[EventDate "2019.06.19"]
[EventType "team-tourn"]
[EventCountry "CHN"]
[SourceTitle "playchess.com"]
[Source "ChessBase"]
[SourceQuality "1"]

{[%evp 13,134,4,2,-1,0,0,0,0,3,0,-5,-12,1,8,1,0,0,0,0,0,0,0,3,0,6,0,0,0,0,0,9,0,15,-16,-24,-26,-16,-10,-10,-78,-29,-31,0,0,0,-4,0,0,0,-4,0,-72,-73,-80,-77,-76,-77,-76,-76,-76,-74,-83,-82,-97,-92,-92,-92,-92,-87,-85,-84,-98,-99,-104,-92,-89,-80,-107,-97,-95,-85,-85,-83,-122,-120,-122,-101,-118,-112,-293,-286,-287,-287,-266,-199,-182,-166,-314,-304,-278,-151,-151,-151,-151,-151,-151,-150,-788,-668,-4637,-4564,-4095,-4008,-1550,-1516,-4922,-2631,-29978,-29979,-29979,-29980,-29980,-29981]} 1. d4 Nf6 2. Nf3 e6 3. Bf4 b6 4. e3 Bb7 5. Nbd2 Be7 6. h3 O-O 7. Bd3 d5 8. a4 {D02: 1 d4 d5 2 Nf3 sidelines, including 2...Nf6 3 g3 and 2...Nf6 3 Bf4} c5 9. c3 Nc6 10. O-O {The position is equal.} Bd6 11. Bxd6 $146 ({Predecessor:} 11. Bg5 h6 12. Bh4 {½-½ (40) Kamsky,G (2676)-Vitiugov,N (2731) Sochi 2017}) 11... Qxd6 12. Qe2 e5 13. dxe5 Nxe5 14. Ba6 Bc6 15. Bb5 Nxf3+ 16. Nxf3 Bb7 17. Ba6 Qc7 18. a5 Rfb8 19. axb6 (19. b4 {is more complex.} h6 20. Rfc1 Bc6 21. Bd3 Re8 22. Ra2) 19... Qxb6 20. Bxb7 Rxb7 21. Ra2 Rab8 22. Rfa1 Qc7 23. Ne1 c4 24. Qd2 a5 25. Nf3 h6 26. Nh4 (26. Qc2 $11 {remains equal.}) 26... Rb5 (26... a4 $5) 27. Nf5 Qb6 (27... Ne4 {is interesting.} 28. Qd4 f6 29. Rd1 Kh7 30. f3 Ng3) 28. Qd4 Qxd4 29. exd4 Rxb2 30. Rxb2 Rxb2 31. Rxa5 $11 {[%mdl 4096] Endgame KRN-KRN} Ne4 32. Rxd5 (32. Ne7+ $11 Kh7 33. Nxd5) 32... Nxc3 $17 33. Rc5 Ne2+ $1 34. Kh2 c3 {...c2 is the strong threat.} 35. Ne3 Nxd4 {Hoping for ...c2.} 36. Rxc3 Rxf2 37. Ng4 Ra2 38. Rc8+ Kh7 39. Rc7 h5 40. Ne3 Re2 41. Nd5 Re5 42. Nf4 Rf5 43. Nd3 Ne6 44. Rc4 g5 45. Re4 Rd5 46. Ne5 Kg7 47. Nf3 Kf6 48. Kg3 h4+ {Played: Rd5-d3} 0-1

[Event "Chinese Chess League Men 2019"]
[Site "Daqing"]
[Date "2019.06.19"]
[Round "1.3"]
[White "Wen, Yang"]
[Black "Wu, Xibin"]
[Result "1-0"]
[WhiteElo "2588"]
[BlackElo "2203"]
[Annotator "RC"]
[PlyCount "83"]
[EventDate "2019.06.19"]
[EventType "team-tourn"]
[EventCountry "CHN"]
[SourceTitle "playchess.com"]
[Source "ChessBase"]
[SourceQuality "1"]
[TimeControl "5400+30"]

1. e4 {[%emt 0:00:00]} e5 {[%emt 0:03:16]} 2. Nf3 {[%emt 0:00:00]} Nc6 {[%emt 0:00:12]} 3. Bc4 {[%emt 0:00:00]} Bc5 {[%emt 0:00:53]} 4. c3 {[%emt 0:00:03]} Nf6 {[%emt 0:00:11]} 5. d3 {[%emt 0:00:03]} d6 {[%emt 0:03:06]} 6. O-O {[%emt 0:00:43]} O-O {[%emt 0:00:36]} 7. Re1 {[%emt 0:01:14]} a6 {[%emt 0:02:12]} 8. a4 {[%emt 0:00:19]} Ba7 {[%emt 0:00:49]} 9. h3 {[%emt 0:00:11]} Be6 {[%emt 0:04:56]} 10. Nbd2 {[%emt 0:01:57]} Qd7 {[%emt 0:00:56]} 11. b4 {[%emt 0:05:21]} Bxc4 {[%emt 0:17:36]} 12. Nxc4 {[%emt 0:00:23]} b5 {[%emt 0:00:56]} 13. Na3 {[%emt 0:04:59]} h6 {[%emt 0:03:40]} 14. Bb2 {[%emt 0:30:49]} Rab8 {[%emt 0:04:47]} 15. axb5 {[%emt 0:04:32]} axb5 {[%emt 0:00:10]} 16. Nc2 {[%emt 0:00:07]} Bb6 {[%emt 0:02:59]} 17. Na3 {[%emt 0:08:25]} Rfe8 {[%emt 0:14:26]} 18. Qd2 {[%emt 0:02:39]} Ne7 {[%emt 0:03:31]} 19. c4 {[%emt 0:01:33]} bxc4 {[%emt 0:04:10]} 20. Nxc4 {[%emt 0:02:12]} Nc6 {[%emt 0:03:16]} 21. Bc3 {[%emt 0:07:00]} Bd4 {[%emt 0:04:16]} 22. Bxd4 {[%emt 0:00:07]} exd4 {[%emt 0:00:19]} 23. Reb1 {[%emt 0:00:04]} d5 {[%emt 0:01:27]} 24. exd5 {[%emt 0:00:08]} Qxd5 {[%emt 0:01:30]} 25. Na3 {[%emt 0:06:13]} Ne5 {[%emt 0:04:05]} 26. Nxe5 {[%emt 0:02:01]} Rxe5 {[%emt 0:00:09]} 27. Nc4 {[%emt 0:00:10]} Re6 {[%emt 0:02:51]} 28. Ra5 {[%emt 0:00:11]} Qd7 {[%emt 0:01:46]} 29. Qf4 {[%emt 0:01:53]} Qe7 {[%emt 0:02:56]} 30. b5 {[%emt 0:00:30]} Rd8 {[%emt 0:03:31]} 31. Rba1 {[%emt 0:04:04]} Kh7 {[%emt 0:04:59]} 32. Ra6 {[%emt 0:01:36]} Rd5 {[%emt 0:02:11]} 33. Ra7 {[%emt 0:03:46]} Rxb5 {[%emt 0:01:49]} 34. Rxc7 {[%emt 0:00:02]} Nh5 {[%emt 0:01:57]} 35. Qxf7 {[%emt 0:01:26]} Qxf7 {[%emt 0:00:31]} 36. Rxf7 {[%emt 0:00:02]} Rb3 {[%emt 0:00:01]} 37. Rf3 {[%emt 0:03:45]} g5 {[%emt 0:00:31]} 38. Nd2 {[%emt 0:01:48]} Rb2 {[%emt 0:00:24]} 39. Ne4 {[%emt 0:00:05]} Nf4 {[%emt 0:00:05]} 40. h4 {[%emt 0:01:35]} Nxd3 {[%emt 0:00:55]} 41. Ra7+ {[%emt 0:01:32]} Kg6 {[%emt 0:00:57]} 42. h5+ {[%emt 0:00:03]} 1-0

[Event "Chinese Chess League Men 2019"]
[Site "Daqing"]
[Date "2019.06.19"]
[Round "1.4"]
[White "Qu, Yanqiao"]
[Black "Huang, Renjie"]
[Result "0-1"]
[WhiteElo "2140"]
[BlackElo "2327"]
[Annotator "NA"]
[PlyCount "62"]
[EventDate "2019.06.19"]
[EventType "team-tourn"]
[EventCountry "CHN"]
[SourceTitle "playchess.com"]
[Source "ChessBase"]
[SourceQuality "1"]
[TimeControl "5400+30"]

1. Nf3 {[%emt 0:00:00]} d5 {[%emt 0:00:00]} 2. d4 {[%emt 0:00:52]} Nf6 {[%emt 0:00:53]} 3. c4 {[%emt 0:01:18]} c6 {[%emt 0:00:06]} 4. e3 {[%emt 0:02:52]} e6 {[%emt 0:00:38]} 5. Nbd2 {[%emt 0:00:07]} Bd6 {[%emt 0:00:30]} 6. b3 {[%emt 0:00:12]} Nbd7 {[%emt 0:00:30]} 7. Bb2 {[%emt 0:00:07]} b6 {[%emt 0:00:29]} 8. Bd3 {[%emt 0:00:06]} Bb7 {[%emt 0:00:24]} 9. O-O {[%emt 0:01:18]} O-O {[%emt 0:00:07]} 10. Ne5 {[%emt 0:04:58]} c5 {[%emt 0:04:00]} 11. Qc2 {[%emt 0:03:02]} cxd4 {[%emt 0:01:45]} 12. exd4 {[%emt 0:01:07]} Rc8 {[%emt 0:00:12]} 13. Rad1 {[%emt 0:03:28]} h6 {[%emt 0:05:21]} 14. Rfe1 {[%emt 0:07:18]} Qe7 {[%emt 0:00:49]} 15. f4 {[%emt 0:11:38]} Bb4 {[%emt 0:04:59]} 16. f5 {[%emt 0:11:49]} Nxe5 {[%emt 0:05:20]} 17. Rxe5 {[%emt 0:03:16]} Bd6 {[%emt 0:01:06]} 18. Re2 {[%emt 0:01:28]} Qc7 {[%emt 0:01:02]} 19. h3 {[%emt 0:05:40]} Nh5 {[%emt 0:02:54]} 20. Nf1 {[%emt 0:04:46]} Nf4 {[%emt 0:00:57]} 21. Ree1 {[%emt 0:06:02]} dxc4 {[%emt 0:01:25]} 22. Be4 {[%emt 0:02:22]} exf5 {[%emt 0:00:43]} 23. Bxb7 {[%emt 0:03:51]} Qxb7 {[%emt 0:00:10]} 24. d5 {[%emt 0:00:04]} c3 {[%emt 0:01:37]} 25. Bc1 {[%emt 0:01:57]} g6 {[%emt 0:02:36]} 26. Bxf4 {[%emt 0:00:36]} Bxf4 {[%emt 0:00:02]} 27. Rd3 {[%emt 0:00:18]} Rfd8 {[%emt 0:00:43]} 28. g3 {[%emt 0:00:22]} Bd6 {[%emt 0:00:35]} 29. Red1 {[%emt 0:00:33]} Be5 {[%emt 0:01:20]} 30. Ne3 {[%emt 0:01:30]} Bxg3 {[%emt 0:00:36]} 31. Nxf5 {[%emt 0:00:23]} Bf4 {[%emt 0:00:06]} 0-1

[Event "Chinese Chess League Men 2019"]
[Site "Daqing"]
[Date "2019.06.19"]
[Round "1.5"]
[White "Zhang, Ziji"]
[Black "Yu, Yangyi"]
[Result "0-1"]
[WhiteElo "2408"]
[BlackElo "2738"]
[Annotator "TA"]
[PlyCount "87"]
[EventDate "2019.06.19"]
[EventType "team-tourn"]
[EventCountry "CHN"]
[SourceTitle "playchess.com"]
[Source "ChessBase"]
[SourceQuality "1"]

{[%evp 10,87,32,28,25,23,51,52,72,72,84,62,79,59,62,54,60,31,28,20,27,12,8,7,18,23,19,0,8,0,3,0,12,0,0,-13,0,0,0,0,49,42,40,0,0,0,0,-89,-75,-37,13,-82,50,-14,146,-99,-108,-100,-106,-101,-114,-108,-106,-106,-106,-173,-161,-327,-318,-329,-334,-1368,-1370,-1362,-1354,-1266,-1270,-1100,-971,-29994]} 1. d4 Nf6 2. c4 e6 3. Nf3 Bb4+ 4. Nbd2 O-O 5. a3 Be7 6. e4 d6 {E11: Bogo-Indian} 7. Be2 c5 8. d5 e5 {White is slightly better.} 9. O-O Nbd7 10. Ne1 Ne8 11. Nd3 g6 12. b4 b6 13. Rb1 $146 ({Predecessor:} 13. a4 a5 14. bxa5 bxa5 {½-½ (71) Ding,L (2753)-Leitao,R (2616) Baku 2016}) 13... Ng7 14. bxc5 bxc5 15. Nb3 f5 16. f3 Nf6 17. Nf2 Nfh5 18. Bd2 Bg5 19. Re1 Rb8 20. Bf1 Rb7 21. Qc2 Bh4 {Threatens to win with ...Bxf2+.} 22. Na5 Rxb1 23. Qxb1 fxe4 24. Qxe4 Nf4 25. Nc6 $36 {[%mdl 2048] White is pushing.} Qg5 26. Qc2 Bf5 27. Qc1 Ngh5 28. Ne4 (28. Nxa7 $11 e4 29. Nxe4 Bxe4 30. Rxe4 Nh3+ 31. Kh1 Nf2+ {[%mdl 64] Double Attack} 32. Kg1 Nh3+ 33. Kh1 Nf2+ {[%mdl 64] Double Attack} 34. Kg1 Nh3+) 28... Bxe4 $1 $17 29. Rxe4 a6 (29... Nh3+ $5 30. Kh1 Nf2+ 31. Kg1 Nf4 32. Bxf4 Nh3+ {[%mdl 64] Pin} 33. Kh1 Nf2+ 34. Kg1 Rxf4 35. Rxf4 Nh3+ {[%mdl 64] Pin} 36. Kh1 Nf2+ 37. Kg1 Nh3+ {[%mdl 64] Pin} 38. Kh1 Nf2+ 39. Kg1 $11) 30. Be3 (30. g4 $11) 30... Rf7 (30... Nh3+ $1 $17 31. Kh1 Nf2+ 32. Kg1 Nh3+ 33. Kh1 Nf2+ 34. Kg1 Nf4 35. Bxf4 Rxf4 36. Rxf4 Nh3+ {[%mdl 64] Pin} 37. Kh1 Nf2+ 38. Kg1 Nh3+ {[%mdl 64] Pin} 39. Kh1 Nf2+ 40. Kg1) 31. Qb1 ({White should try} 31. Qb2 $14) 31... Kg7 $2 {[#]} (31... Nh3+ $11 32. Kh1 Nf2+ 33. Kg1 (33. Bxf2 Bxf2 34. Rg4 Qh6 $15) 33... Nf4 34. Qb8+ Rf8 35. Bxf4 exf4) 32. a4 $2 (32. g4 $1 $16 {keeps the pressure on.}) 32... Nh3+ $1 33. Kh1 Nf2+ 34. Kg1 Nf4 35. Bxf4 Nh3+ {[%cal Bf2h3,Bh3f4,Bf4h5][%mdl 32]} 36. Kh1 Nxf4 37. Qb2 {[#]} (37. Qd1 $17) 37... Nh5 $1 $19 {[%cal Rh5g3] Strongly threatening ...Ng3+!} 38. Kg1 $2 (38. Nxe5 dxe5 39. Rxe5) 38... Rxf3 $1 39. Nxe5 dxe5 40. Rxe5 $2 {[#]} (40. Qxe5+ Qxe5 41. Rxe5 Bf2+ 42. Kh1) 40... Rxf1+ $1 {[%mdl 64] Decoy. Black is clearly winning.} 41. Kxf1 Qf4+ {[%mdl 64] Double Attack} 42. Kg1 Bf6 {[%mdl 64] Skewer} 43. Qb7+ {[#]} Kh6 $1 44. Re4 {Accuracy: White = 34%, Black = 56%.} 0-1

[Event "Chinese Chess League Men 2019"]
[Site "Daqing"]
[Date "2019.06.19"]
[Round "1.6"]
[White "Li, Chao b"]
[Black "Peng, Hongchi"]
[Result "0-1"]
[WhiteElo "2698"]
[BlackElo "2370"]
[Annotator "TA"]
[PlyCount "46"]
[EventDate "2019.06.19"]
[EventType "team-tourn"]
[EventCountry "CHN"]
[SourceTitle "playchess.com"]
[Source "ChessBase"]
[SourceQuality "1"]

{[%evp 18,66,0,7,3,3,11,17,32,0,6,-13,-5,-11,0,-6,0,0,0,0,0,-134,-132,-279,-276,-285,-275,-296,-306,-377,-368,-330,-343,-295,-239,-255,-269,-552,-533,-514,-439,-413,-248,-812,-807,-780,-701,-1058,-1044,-1770,-1100]} 1. e4 c5 2. Nc3 Nc6 3. Nf3 e6 4. d4 cxd4 5. Nxd4 Qc7 6. f4 a6 7. Nxc6 bxc6 8. Bd3 d5 9. O-O Nf6 10. e5 Nd7 {B46: Sicilian: Taimanov: 5 Nc3 a6} 11. Na4 c5 (11... Nb6 12. Nxb6 Qxb6+ 13. Kh1 Be7 14. f5 exf5 15. Bxf5 Bxf5 16. Rxf5 O-O 17. b3 Rad8 18. Qd3 {1-0 (68) Bocharov,I (2547)-Rublevsky,S (2665) Sochi 2018}) 12. c4 d4 {The position is equal.} 13. Qe2 (13. f5 $5 {[%cal Rf5e6]} Nxe5 14. Bf4 $11) 13... Bb7 14. b3 Be7 15. Bd2 Qc6 16. Rae1 Bh4 $146 ({Predecessor:} 16... g6 17. Be4 Qxe4 18. Qxe4 Bxe4 19. Rxe4 {½-½ (31) Neubauer,M (2439)-Newrkla,K (2175) Vienna 2018}) 17. Rb1 O-O-O 18. Ba5 Rdg8 19. Rb2 {[#]} (19. f5 $11 {remains equal.} Bg5 20. fxe6 fxe6 21. Rf7) 19... f5 $1 $17 20. exf6 (20. Kh1 $17 {is a better defense.}) 20... gxf6 $19 21. Be1 Bxe1 22. Rxe1 {[#]} f5 $1 23. Qd2 h5 {Played: Rg8-g4} 0-1

[Event "Chinese Chess League Men 2019"]
[Site "Daqing"]
[Date "2019.06.19"]
[Round "1.7"]
[White "Yang, Yanqing"]
[Black "Xiu, Deshun"]
[Result "0-1"]
[WhiteElo "1910"]
[BlackElo "2538"]
[Annotator "TA"]
[PlyCount "74"]
[EventDate "2019.06.19"]
[EventType "team-tourn"]
[EventCountry "CHN"]
[SourceTitle "playchess.com"]
[Source "ChessBase"]
[SourceQuality "1"]

{[%evp 17,74,0,0,0,0,-9,-31,-18,-11,-6,-19,-16,-16,-19,0,-132,-65,-171,-159,-135,-134,-168,-147,-161,-129,-116,0,-55,-44,-42,-8,-10,-15,-18,-22,-31,0,-59,-61,-73,-71,-51,-33,-79,-88,-92,-30,-118,-108,-227,-173,-178,-176,-844,-853,-853,-843,-804,-785]} 1. e4 c5 2. Nf3 e6 3. Nc3 a6 4. a4 Nc6 5. Be2 Nf6 6. O-O Qc7 7. d4 cxd4 8. Nxd4 Bb4 9. Nxc6 bxc6 10. Qd4 {B47: Sicilian: Taimanov: 5 Nc3 Qc7 6 f4, 6 g3 and 6 Be2} (10. Be3 O-O 11. Bf3 Rb8 12. g3 d5 13. exd5 cxd5 14. a5 Bc5 15. Bd4 Bxd4 16. Qxd4 e5 17. Nxd5 Nxd5 18. Qxd5 Rxb2 {0-1 (63) Varshini,V (2171)-Czebe,A (2418) Chennai 2019}) 10... Bd6 11. h3 O-O 12. Qe3 $146 {Black is slightly better.} ({Predecessor:} 12. Bg5 Be5 13. Qd3 Qb6 14. Rab1 d5 15. Kh1 Qc7 16. Bf3 h6 17. Be3 a5 {0-1 (31) Dean,T-Kuczaj,C Edmonton 2000}) 12... Rb8 13. Bd3 c5 14. Qe2 Be5 15. Re1 Rb4 {[#] Threatens to win with ...c4.} 16. Qe3 (16. Bxa6 $11 {remains equal.} Bxa6 17. Qxa6) 16... Re8 (16... Bb7 $17 17. Qd2 Rb8) 17. Qg5 (17. Nb1 $15 c4 18. c3) 17... d5 18. f4 Bd4+ 19. Kh1 c4 20. Bf1 {[%cal Re4d5]} Qa7 {...h6 is the strong threat.} 21. Re2 {[%cal Re4d5]} ({Don't blunder} 21. exd5 $2 h6 $19) 21... Bf2 (21... dxe4 $17 22. Qa5 Rb8 23. Nxe4 Nxe4 24. Rxe4 Bb7) 22. exd5 (22. f5 $11 h6 23. Qf4) 22... h6 $1 $15 {[%cal Rh6g5]} 23. Qe5 Bd4 24. Be3 Bxe5 25. Bxa7 Bxf4 26. dxe6 Bxe6 27. Rb1 ({White should play} 27. Ne4 $1 $11) 27... Nh5 $36 {[%mdl 2048] aiming for ...Ng3+. Black has the initiative.} 28. Bf2 Reb8 29. g4 Nf6 30. Bd4 Rxb2 31. Rd1 R2b7 (31... h5 $17 32. Rf2 Bg5) 32. Bg2 (32. Bxf6 $1 $11 gxf6 33. Ne4) 32... Rd7 $17 {Hoping for ...Rbd8.} 33. Ne4 (33. Bc6 $17 {might work better.} Rd6 34. Bxf6 gxf6 35. Rxd6 Bxd6 36. Ne4) 33... Nxe4 34. Bxe4 {[#]} c3 $1 {[%mdl 512] White must now prevent ...Rb4.} 35. Rf1 $2 (35. Rd3) (35. Bxc3 Rxd1+) 35... Rxd4 $19 {Black is clearly winning.} 36. Rxf4 Rbb4 37. Kg2 g5 {Accuracy: White = 40%, Black = 56%.} 0-1

[Event "Chinese Chess League Men 2019"]
[Site "Daqing"]
[Date "2019.06.19"]
[Round "1.8"]
[White "Yuan, Qingyu"]
[Black "Mi, Tenglong"]
[Result "1-0"]
[WhiteElo "2355"]
[BlackElo "1692"]
[Annotator "NA"]
[PlyCount "81"]
[EventDate "2019.06.19"]
[EventType "team-tourn"]
[EventCountry "CHN"]
[SourceTitle "playchess.com"]
[Source "ChessBase"]
[SourceQuality "1"]
[TimeControl "5400+30"]

1. Nf3 {[%emt 0:00:00]} Nf6 {[%emt 0:00:00]} 2. c4 {[%emt 0:00:00]} g6 {[%emt 0:00:00]} 3. Nc3 {[%emt 0:00:00]} d5 {[%emt 0:00:04]} 4. cxd5 {[%emt 0:00:04]} Nxd5 {[%emt 0:00:05]} 5. Qb3 {[%emt 0:00:17]} Nb6 {[%emt 0:01:42]} 6. d4 {[%emt 0:01:00]} Bg7 {[%emt 0:01:13]} 7. Bf4 {[%emt 0:00:22]} Be6 {[%emt 0:03:10]} 8. Qc2 {[%emt 0:04:11]} Nc6 {[%emt 0:02:03]} 9. Rd1 {[%emt 0:02:16]} Nb4 {[%emt 0:12:31]} 10. Qb1 {[%emt 0:01:04]} N6d5 {[%emt 0:05:03]} 11. Bd2 {[%emt 0:06:52]} c5 {[%emt 0:10:06]} 12. e4 {[%emt 0:04:32]} Nf6 {[%emt 0:24:41]} 13. dxc5 {[%emt 0:06:10]} Qc8 {[%emt 0:03:18]} 14. a3 {[%emt 0:04:16]} Nc6 {[%emt 0:00:41]} 15. b4 {[%emt 0:01:03]} O-O {[%emt 0:06:18]} 16. Be2 {[%emt 0:00:40]} Bg4 {[%emt 0:05:36]} 17. Be3 {[%emt 0:12:41]} Bxf3 {[%emt 0:01:13]} 18. Bxf3 {[%emt 0:00:06]} Ng4 {[%emt 0:02:15]} 19. Qc1 {[%emt 0:00:36]} Nxe3 {[%emt 0:00:54]} 20. Qxe3 {[%emt 0:02:22]} Rd8 {[%emt 0:00:44]} 21. O-O {[%emt 0:00:55]} Bxc3 {[%emt 0:03:19]} 22. Qxc3 {[%emt 0:00:02]} e5 {[%emt 0:00:09]} 23. Rd5 {[%emt 0:05:05]} Qe6 {[%emt 0:00:26]} 24. h3 {[%emt 0:04:38]} Nd4 {[%emt 0:00:57]} 25. Bg4 {[%emt 0:06:53]} f5 {[%emt 0:06:21]} 26. Rxd8+ {[%emt 0:00:17]} Rxd8 {[%emt 0:00:07]} 27. exf5 {[%emt 0:00:10]} gxf5 {[%emt 0:00:04]} 28. Bd1 {[%emt 0:00:38]} Kh8 {[%emt 0:02:28]} 29. Re1 {[%emt 0:01:02]} Qf6 {[%emt 0:04:15]} 30. Qe3 {[%emt 0:05:02]} Re8 {[%emt 0:00:10]} 31. Ba4 {[%emt 0:06:19]} Re7 {[%emt 0:00:24]} 32. f4 {[%emt 0:01:43]} e4 {[%emt 0:00:35]} 33. Rd1 {[%emt 0:00:22]} Ne6 {[%emt 0:00:12]} 34. Bb3 {[%emt 0:00:33]} h6 {[%emt 0:02:27]} 35. Rd6 {[%emt 0:00:37]} Kh7 {[%emt 0:00:50]} 36. Kh2 {[%emt 0:01:37]} Qg6 {[%emt 0:00:37]} 37. Bxe6 {[%emt 0:01:44]} Rxe6 {[%emt 0:00:04]} 38. Rd7+ {[%emt 0:00:07]} Kg8 {[%emt 0:00:17]} 39. Rxb7 {[%emt 0:00:14]} Re8 {[%emt 0:00:41]} 40. b5 {[%emt 0:01:02]} Rd8 {[%emt 0:00:06]} 41. c6 {[%emt 0:00:14]} 1-0

[Event "Chinese Chess League Men 2019"]
[Site "Daqing"]
[Date "2019.06.19"]
[Round "1.9"]
[White "Wei, Yi"]
[Black "Liu, Yan"]
[Result "1-0"]
[WhiteElo "2741"]
[BlackElo "2504"]
[Annotator "TA"]
[PlyCount "125"]
[EventDate "2019.06.19"]
[EventType "team-tourn"]
[EventCountry "CHN"]
[SourceTitle "playchess.com"]
[Source "ChessBase"]
[SourceQuality "1"]

{[%evp 11,125,-2,9,-16,23,20,13,4,8,10,20,18,21,21,12,17,29,16,30,25,19,13,29,39,39,0,77,70,61,-6,0,0,0,6,0,0,8,0,0,-34,-29,-23,22,22,27,28,30,0,0,0,0,0,0,0,0,0,0,0,0,0,0,0,0,0,0,0,0,0,8,0,15,0,20,0,20,15,15,15,15,15,16,13,17,24,23,25,19,8,8,0,0,0,24,0,16,16,10,10,59,53,253,261,636,566,29975,29970,29966,29967,29987,29988,29989,29990,29990,29991,29991,29992]} 1. e4 e5 2. Nf3 Nf6 3. Nxe5 d6 4. Nc4 Nxe4 5. Qe2 Qe7 6. Ne3 Nf6 7. Nc3 {C42: Petroff Defence: 3 Nxe5 and unusual White 3rd moves} Nc6 $146 ({Predecessor:} 7... c6 8. d4 g6 9. Bd2 Bg7 10. Nc4 Qxe2+ 11. Bxe2 d5 12. Nd6+ Ke7 13. Bf4 Rd8 14. Nxc8+ Rxc8 {½-½ (50) Wei,Y (2753)-Yu,Y (2744) Huocheng County 2017}) 8. Ncd5 Nxd5 9. Nxd5 {The position is equal.} Qxe2+ $1 10. Bxe2 Kd8 11. c3 Ne7 12. Nf4 c6 13. d4 $36 {[%mdl 2048] White is more active.} d5 14. O-O Nf5 {[%cal Be7f5,Bf5d6,Bd6e4,Be4c3][%mdl 32]} 15. g4 Nd6 16. b3 g5 17. Nh5 Be7 18. f4 Rg8 (18... gxf4 $11 {keeps the balance.} 19. Bxf4 (19. Rxf4 Rg8 $11) 19... Ne4) 19. fxg5 $16 Bxg5 20. Ba3 (20. Bxg5+ $14 Rxg5 21. h4) 20... Ne4 21. Rxf7 Nxc3 22. Bf3 Nb5 23. Bb2 h6 24. Re1 Bd7 25. Nf6 Bxf6 $1 26. Rxf6 Kc7 27. Re7 h5 $1 28. Rff7 Rad8 29. h3 hxg4 30. hxg4 Kc8 31. Rg7 Rxg7 32. Rxg7 Nc7 33. Rg6 Ne6 34. Kh2 Nf4 35. Rf6 Ne6 36. Rg6 Nf4 37. Rh6 (37. Rg7 {is interesting.} Ne6 38. Rg6) 37... Rg8 38. Kg3 Ne6 $1 39. Be2 Kd8 40. a4 Ke8 41. Rh5 Kf7 42. Rf5+ Kg7 43. Bd3 Be8 44. Re5 Kf6 45. Bf5 Bf7 46. Re2 Ng5 47. Rf2 Kg7 48. Kh4 Ne6 49. Re2 Kf6 50. Kg3 Ng5 51. Rf2 {[#] Hoping for Bh7+.} Kg7 52. Kh4 Ne6 $1 53. Bxe6 Bxe6 $11 {[%mdl 4096] Endgame KRB-KRB} 54. Ba3 Kh7 55. g5 Rg7 $2 {[#]} ({Black should try} 55... Rh8 $14) 56. Kh5 $1 $18 Rd7 $2 (56... Rg6 57. Bd6 Bg4+ {[%mdl 64] Discovered Attack} 58. Kxg4 Rxd6 59. Rf7+ Kg6 60. Rxb7 Re6) 57. Rf6 Bh3 58. Bf8 {White mates.} Kg8 59. g6 Rd8 60. Bh6 Re8 61. g7 Kh7 62. Rf8 {[%csl Gf8][%cal Rg7g8]} Be6 63. Kg5 {Accuracy: White = 61%, Black = 60%.} 1-0

[Event "Chinese Chess League Men 2019"]
[Site "Daqing"]
[Date "2019.06.19"]
[Round "1.10"]
[White "Wang, Chen"]
[Black "Lin, Chen"]
[Result "1/2-1/2"]
[WhiteElo "2468"]
[BlackElo "2497"]
[Annotator "TA"]
[PlyCount "60"]
[EventDate "2019.06.19"]
[EventType "team-tourn"]
[EventCountry "CHN"]
[SourceTitle "playchess.com"]
[Source "ChessBase"]
[SourceQuality "1"]

{[%evp 21,60,0,12,0,0,0,0,0,0,0,0,-8,0,-6,0,-4,0,0,0,0,0,0,0,0,0,0,0,0,0,0,0,0,0,0,0,0,0,0,0,0,0]} 1. e4 e5 2. Nf3 Nc6 3. Nc3 Nf6 4. d4 exd4 5. Nxd4 Bb4 6. Nxc6 bxc6 7. Bd3 O-O 8. O-O d5 9. exd5 cxd5 10. Bg5 c6 11. Qf3 Rb8 {The position is equal.} 12. Ne2 {C47: Scotch Four Knights and Four Knights with 4 g3} (12. Bxf6 {keeps more tension.} Qxf6 13. Qxf6 gxf6 14. Ne2 a5 15. b3) 12... Bg4 13. Bxf6 Bxf3 14. Bxd8 {[#] Hoping for Bc7.} Bxe2 $1 15. Bxe2 {And now Bc7 would win.} Rfxd8 16. Rfd1 g6 17. g3 Kg7 {[#]} 18. Kg2 $146 ({Predecessor:} 18. Rab1 Be7 19. b3 Bf6 {½-½ (30) Kravtsiv,M (2654)-Safarli,E (2667) Ankara 2018}) 18... Be7 19. b3 a5 20. Bf3 a4 21. Rd3 Bf6 22. Rad1 axb3 23. axb3 Rbc8 24. c4 dxc4 25. Rxd8 Rxd8 26. Rxd8 Bxd8 27. bxc4 $11 {KB-KB} c5 28. Bd5 Bf6 29. h4 h5 30. f4 Bd4 {Accuracy: White = 64%, Black = 71%.} 1/2-1/2